| 000 | 00587nam a2200181Ia 4500 | ||
|---|---|---|---|
| 003 | GCL | ||
| 008 | 140319s9999 xx 000 0 ara d | ||
| 040 |
_aGCL / _cGCL |
||
| 082 | 0 | 4 |
_aط _b372.21 _bل ا |
| 100 | 1 | _aلجنة من التربويين | |
| 245 | 1 | 0 |
_aالف باء: اقرا . اكتب . لون . العب / _cلجنة من التربويين |
| 490 |
_aالهيئة العامة للاستعلامات _v0 |
||
| 650 | 0 | 4 | _aالتعليم |
| 650 | 0 | 4 | _aتعليم الاطفال |
| 650 | 0 | 4 | _aالابجدية |
| 650 | 0 | 4 | _aالابجدية - تعليم |
| 942 |
_2ddc _cBK |
||
| 999 |
_c51012 _d51012 |
||